Dinosaurs
| Main Author: | |
|---|---|
| Format: | Book |
| Published: |
London :
Troddy Books ,
1992
|
| Subjects: |
MARC
| LEADER | 00000cam a2200000 7i4500 | ||
|---|---|---|---|
| 001 | 0000005197 | ||
| 002 | 000005617 | ||
| 005 | 20000330.0 | ||
| 020 | |a T000000461 | ||
| 090 | 0 | 0 | |a 591.51 |b DIS |
| 100 | 1 | |a Beaumont, Emilie | |
| 245 | 1 | 0 | |a Dinosaurs |c Emilie Beaumont |
| 260 | |a London : |b Troddy Books , |c 1992 | ||
| 300 | |a Discovening animals | ||
| 650 | 0 | 0 | |a Dinosaurs |x Juvenile literature |
| 999 | |a 031203 |b BUKU |c PINJAMAN |e PERPUSTAKAAN KOMUNITI PETALING JAYA | ||